00926nam a22001817a 450000500170000000800410001704000290005804100080008708200170009510000350011224500620014726001070020930000310031650003280034750600210067565000220069665000260071820141106102027.0141106n ag ||||fr|||| 00| 0 spa d cSandra YazodSandra Yazo0 aspa04220a863.59821 aLeumann, Carlos Albertod1887-10aEl empresario del geniob(Novela)cCarlos Alberto Leumann aBuenos Aires (Argentina)bAgencia general de librería y publicaciones Rivadaviac[fecha desconocida] a290 páginasc19 x 14 cm. aDetalles físicos: Encuadernación rígida en cartulina. Tapas y lomo con impresos, roturas y dobleces, residuos de cinta. Guardas Anteportada. Portada impresa en una sola tinta. Texto impreso en una sola columna, algunas notas al pie de página. Papel manchado. Bordes de hojas deterioradas. Empieza a desencuadernarse aConsulta en sala 7aNovela argentina  7aLiteratura argentina